Programming investment in the process industries
Na minha lista:
| Autor principal: | |
|---|---|
| Formato: | Livro |
| Idioma: | Undetermined |
| Publicado em: |
Cambridge
The M.I.T. Press
1967
|
| Assuntos: | |
| Tags: |
Adicionar Tag
Sem tags, seja o primeiro a adicionar uma tag!
|
| Thư viện lưu trữ: | Trung tâm Học liệu Trường Đại học Cần Thơ |
|---|
| LEADER | 00509nam a2200181Ia 4500 | ||
|---|---|---|---|
| 001 | CTU_78055 | ||
| 008 | 210402s9999 xx 000 0 und d | ||
| 082 | |a 332.67 | ||
| 082 | |b K33 | ||
| 100 | |a Kendrick, David A. | ||
| 245 | 0 | |a Programming investment in the process industries | |
| 245 | 0 | |c David A. Kendrick | |
| 260 | |a Cambridge | ||
| 260 | |b The M.I.T. Press | ||
| 260 | |c 1967 | ||
| 650 | |a Capital investments | ||
| 650 | |x Data processing | ||
| 980 | |a Trung tâm Học liệu Trường Đại học Cần Thơ | ||